| Tag |
First Indicator |
Second Indicator |
Subfields |
| LEADER |
00000cam a2200000Ii 4500 |
| 001 |
in00002784708 |
| 005 |
20151202171718.0 |
| 008 |
050502s1966 dcub 000 0 eng d |
| 035 |
|
|
|a (OCoLC)ocm60036578
|
| 035 |
|
|
|a (OCoLC)60036578
|
| 040 |
|
|
|a RIU
|c RIU
|d OCL
|d UtOrBLW
|
| 049 |
|
|
|a TXAM
|
| 086 |
|
|
|a I 19.16:560-E
|
| 090 |
|
|
|a QE75
|b .P9 no. 560-E
|
| 100 |
1 |
|
|a Willis, R. P.
|
| 245 |
1 |
0 |
|a Geology of the Arabian Peninsula :
|b Bahrain.
|
| 246 |
3 |
0 |
|a Bahrain
|
| 264 |
|
1 |
|a Washington :
|b U.S. Govt. Print. Off,
|c 1966.
|
| 300 |
|
|
|a v, 4 pages :
|b map ;
|c 29 cm.
|
| 336 |
|
|
|a text
|b txt
|2 rdacontent
|
| 337 |
|
|
|a unmediated
|b n
|2 rdamedia
|
| 338 |
|
|
|a volume
|b nc
|2 rdacarrier
|
| 490 |
1 |
|
|a Professional paper (Geological Survey (U.S.)) ; no. 560-E
|
| 650 |
|
0 |
|a Geology
|z Bahrain.
|
| 830 |
|
0 |
|a Professional paper (Geological Survey (U.S.)) ; no. 560-E.
|
| 948 |
|
|
|a cataloged
|b h
|c 2012/12/7
|d c
|e mvaldespin
|f 02:34:55 pm
|
| 994 |
|
|
|a C0
|b TXA
|
| 999 |
|
|
|a MARS
|
| 999 |
f |
f |
|s b55c040d-0ac4-3911-aa6d-975ce49b9e63
|i 1d604cce-df6e-3511-879d-6d4b015bfc14
|t 0
|
| 952 |
f |
f |
|p normal
|a Texas A&M University
|b College Station
|c Sterling C. Evans Library
|d Evans: US Documents (Annex 5th floor)
|t 0
|e I 19.16:560-E
|h Superintendent of Documents classification
|i unmediated -- volume
|m A14837790497
|
| 998 |
f |
f |
|a I 19.16:560-E
|t 0
|l Evans: US Documents (Annex 5th floor)
|